La simbólica o exposición de las contrariedades dogmáticas entre los católicos y protestantes según sus profesiones públicas de fe / (Record no. 159856)
[ view plain ]
| 000 -LEADER | |
|---|---|
| campo de control de longitud fija | 01267nam a2200265 i 4500 |
| 001 - NÚMERO DE CONTROL | |
| campo de control | 159856 |
| 003 - IDENTIFICADOR DE NÚMERO DE CONTROL | |
| campo de control | ES-MaACL |
| 005 - FECHA Y HORA DE LA ÚLTIMA TRANSACCIÓN | |
| campo de control | 20260201063017.0 |
| 008 - DATOS DE LONGITUD FIJA--INFORMACIÓN GENERAL | |
| campo de control de longitud fija | 940202s1846 sp |||| | spa d |
| 040 ## - FUENTE DE CATALOGACIÓN | |
| Centro catalogador/agencia de origen | CAM |
| Lengua de catalogación | spa |
| 100 1# - ENTRADA PRINCIPAL--NOMBRE DE PERSONA | |
| Nombre de persona | Möhler, Johann Adam, |
| Fechas asociadas al nombre | 1796-1838 |
| 9 (RLIN) | 130361 |
| 245 13 - MENCIÓN DEL TÍTULO | |
| Título | La simbólica o exposición de las contrariedades dogmáticas entre los católicos y protestantes según sus profesiones públicas de fe / |
| Mención de responsabilidad, etc. | por M. Moehler ; traducida al francés de la cuarta edición alemana y del francés al español por Antolin Monescillo. |
| 260 ## - PUBLICACIÓN, DISTRIBUCIÓN, ETC. | |
| Lugar de publicación, distribución, etc. | Madrid : |
| Nombre del editor, distribuidor, etc. | José Felix Palacios, |
| Fecha de publicación, distribución, etc. | 1846. |
| 300 ## - DESCRIPCIÓN FÍSICA | |
| Extensión | 2 v. (353; 308 p.) ; |
| Dimensiones | 19 cm. |
| 490 1# - MENCIÓN DE SERIE | |
| Mención de serie | Enciclopedia Católica ; |
| Designación de volumen o secuencia | 6 y 7 |
| 530 ## - NOTA DISPONIBLE DE FORMULARIO FÍSICO ADICIONAL | |
| Nota de formato físico adicional disponible | Disponible en formato digital. |
| 610 27 - PUNTO DE ACCESO ADICIONAL DE MATERIA--NOMBRE DE ENTIDAD CORPORATIVA | |
| Nombre de entidad corporativa o nombre de jurisdicción como elemento de entrada | Iglesia Católica- |
| Subdivisión general | Doctrinas |
| Fuente del encabezamiento o término | |
| 9 (RLIN) | 151420 |
| 650 #4 - PUNTO DE ACCESO ADICIONAL DE MATERIA--TÉRMINO DE MATERIA | |
| Término de materia o nombre geográfico como elemento de entrada | Iglesias protestantes- |
| Subdivisión general | Doctrinas. |
| 9 (RLIN) | 141213 |
| 700 1# - ENTRADA AGREGADA--NOMBRE PERSONAL | |
| Nombre de persona | Monescillo, Antolín. |
| 9 (RLIN) | 130053 |
| 830 0# - PUNTO DE ACCESO ADICIONAL DE SERIE-TÍTULO UNIFORME | |
| Título uniforme | Enciclopedia Católica ; |
| Designación de volumen o secuencia | 6 y 7 |
| 9 (RLIN) | 221991 |
| 852 ## - LOCALIZACIÓN | |
| Ubicación | ES-MaACL |
| Número de control de estantería | G-10064 |
| Nota libre | -- Enc. pasta |
| -- | -- 2 t. en 1 v. |
| 856 ## - LOCALIZACIÓN Y ACCESO ELECTRÓNICOS | |
| Identificador Uniforme de Recursos | <a href="http://bdh-rd.bne.es/viewer.vm?id=0000048720&page=1 ">http://bdh-rd.bne.es/viewer.vm?id=0000048720&page=1 </a> |
| Nota pública | Biblioteca Digital Hispánica |
| 856 ## - LOCALIZACIÓN Y ACCESO ELECTRÓNICOS | |
| Identificador Uniforme de Recursos | <a href="http://bdh-rd.bne.es/viewer.vm?id=0000048713&page=1 ">http://bdh-rd.bne.es/viewer.vm?id=0000048713&page=1 </a> |
| Nota pública | Biblioteca Digital Hispánica |
| Estatus retirado | Estado de pérdida | Estado de daño | No para préstamo | Colección | Biblioteca de origen | Biblioteca actual | Ubicación en estantería | Fecha de adquisición | Fuente de adquisición | Total de préstamos | Signatura topográfica completa | Código de barras | Visto por última vez | Precio de reemplazo | Tipo de ítem Koha |
|---|---|---|---|---|---|---|---|---|---|---|---|---|---|---|---|
| Colección digital | Biblioteca del Ateneo de Madrid | Biblioteca del Ateneo de Madrid | Sala Pecera Planta 3 | 17/01/2008 | G-10064 | 1167346 | 23/02/2023 | 23/02/2023 | Libro impreso antiguo |
